Statistics for Top 10 Most Corrupt Countries

Click here to take the quiz!

General Stats

  • This quiz has been taken 30 times
  • The average score is 5 of 10

Answer Stats

Country% Correct
Russia
76%
Brazil
60%
Mexico
60%
Colombia
52%
Iraq
52%
Kazakhstan
44%
El Salvador
40%
Guatemala
32%
Lebanon
20%
Azerbaijan
16%

Score Distribution

Percentile by Number Answered

Percent of People with Each Score

Your Score History

You have not taken this quiz